[Event "Belgrade RAD 30"]
[Site "Belgrade"]
[Date "1977.01.22"]
[Round "6.5"]
[White "Rajkovic, Dusan"]
[Black "Ostojic, Predrag"]
[Result "1-0"]
[WhiteElo "2495"]
[BlackElo "2480"]
[Annotator "Primel,D"]
[PlyCount "84"]
[EventDate "1977.01.15"]
[EventType "tourn"]
[EventRounds "13"]
[EventCountry "SRB"]
[EventCategory "9"]
[SourceTitle "EXT 2018"]
[Source "ChessBase"]
[SourceDate "2017.10.13"]
[SourceVersion "1"]
[SourceVersionDate "2017.10.13"]
[SourceQuality "1"]
[TimeControl "40/9000:16/5400:0"]

1. Nf3 Nf6 2. g3 b5 3. Bg2 Bb7 4. O-O c5 5. d3 e6 6. e4 d6 7. a4 a6 (7... b4 8.
Nbd2 {[%csl Gc4]}) 8. axb5 axb5 9. Rxa8 Bxa8 10. Na3 Qb6 (10... Bc6 11. e5 Nfd7
12. exd6 Bxd6 13. Ng5 b4 ({RR} 13... Qb6) 14. Nc4 Nf6 15. Qe2 Bxg2 16. Kxg2 Be7
17. Be3 O-O 18. Ra1 Nd5 19. Ne4 Qc7 20. f3 Nd7 21. Bf2 Re8 22. Qe1 f5 23. Ned2
Bf8 24. Ra6 e5 25. Qa1 {Vukic,M (2480)-Karpov,A (2725) Bugojno 1978 MCL 
[Bulletin] 1/2-1/2 (57)}) (10... b4 11. Nc4) 11. e5 dxe5 12. c4 $5 (12. Nxe5
Bxg2 13. Kxg2 Bd6 $11) 12... b4 13. Nb5 Bc6 14. Qa4 Nfd7 15. Be3 Be7 16. Qa7 f6
17. Ra1 Kf7 $5 (17... O-O) 18. Qxb6 Nxb6 19. Ra7 Bd7 20. Nd2 f5 $6 (20... Rd8
$11) 21. Nb3 Rc8 22. Bb7 Re8 23. Bxc5 (23. Nc7 {Les pièces Noires manquent
d'espace}) 23... Bxc5 24. Nxc5 Bxb5 25. Bc6+ Re7 26. Rxe7+ Kxe7 27. Bxb5 Kd6
28. Nb7+ Ke7 29. Nc5 Nc8 30. f4 exf4 31. gxf4 Na7 32. Ba4 Nac6 33. Kf2 Kf6 34.
Ke3 e5 35. Bxc6 Nxc6 36. Nd7+ Ke6 37. Nxe5 Nxe5 38. fxe5 Kxe5 39. d4+ Kf6 $2 {
Une position critique jouée juste avant le contrôle de temps} (39... Ke6 40.
Kf4 h6 41. h4 g6 (41... b3 42. h5) 42. b3 Kf6 $1 {[%cal Gg6g5] Le K Noir est
dans le carré et les Noirs vont pouvoir mobiliser la majorité de l'aile-roi})
40. h4 g6 41. c5 Ke6 42. c6 Kd6 1-0

[Event "Avoine op 22nd"]
[Site "Avoine"]
[Date "2007.07.28"]
[Round "8"]
[White "Shirazi, Kamran"]
[Black "Fedorchuk, Sergey A"]
[Result "0-1"]
[WhiteElo "2401"]
[BlackElo "2618"]
[Annotator "Primel,D"]
[PlyCount "104"]
[EventDate "2007.07.21"]
[EventType "swiss"]
[EventRounds "9"]
[EventCountry "FRA"]
[SourceTitle "EXT 2010"]
[Source "ChessBase"]
[SourceDate "2010.11.25"]
[SourceVersion "1"]
[SourceVersionDate "2010.11.25"]
[SourceQuality "1"]

1. Nf3 Nf6 2. g3 b5 3. c4 $6 (3. Bg2 $142) 3... bxc4 4. Qa4 e6 5. Bg2 Bb7 6.
Qxc4 c5 7. O-O Be7 8. d3 O-O 9. Nbd2 Nc6 10. Ne4 Nxe4 11. dxe4 d6 12. Bd2 Qb6
$132 13. Rfe1 a5 14. Qc1 $6 Rfc8 (14... Rab8) 15. Bc3 Nd4 16. Qd2 Nb5 17. e5 d5
18. Qf4 a4 {[%csl Rb2]} 19. Bd2 Nd4 20. Rab1 Ba6 21. Nxd4 cxd4 22. e4 dxe3 23.
Bxe3 Qb7 24. Bf1 Bxf1 25. Rxf1 Rc4 26. Qf3 Qb8 27. b3 axb3 28. axb3 Rc3 29. Qd1
Qb5 30. Bd2 Rd3 31. Qc2 h5 32. Ra1 Rxa1 33. Rxa1 Qxb3 34. Ra8+ Kh7 35. Qxb3
Rxb3 36. Ra7 Bc5 37. Rxf7 Rb2 38. Be3 Kg6 39. Rf4 Bxe3 40. fxe3 Re2 41. Rf3 Rc2
42. h3 Rc4 43. Kf2 Re4 44. Rf8 Rxe5 45. g4 Rg5 46. Kf3 hxg4+ 47. hxg4 Re5 48.
Rg8 Kf6 (48... Kf7) 49. Rf8+ Ke7 50. Ra8 Re4 51. Ra7+ Kf6 $17 52. g5+ Kg6 {
suite illisible !!!} 0-1

[Event "BL2-Ost 9900"]
[Site "Germany"]
[Date "2000.01.30"]
[Round "5.1"]
[White "Prusikin, Michael"]
[Black "Langheinrich, Ferenc"]
[Result "1-0"]
[WhiteElo "2440"]
[BlackElo "2325"]
[Annotator "Prusikin,M"]
[PlyCount "79"]
[EventDate "1999.10.10"]
[EventType "team-tourn"]
[EventRounds "9"]
[EventCountry "GER"]
[SourceTitle "CBM 074 Extra"]
[Source "ChessBase"]
[SourceDate "2000.03.10"]
[SourceVersion "2"]
[SourceVersionDate "2000.03.10"]
[SourceQuality "1"]
[WhiteTeam "Forchheim"]
[BlackTeam "Erfurt SK"]
[WhiteTeamCountry "GER"]
[BlackTeamCountry "GER"]

1. Nf3 Nf6 2. g3 g6 3. b3 Bg7 4. Bb2 c5 5. Bg2 Nc6 6. O-O d5 7. Ne5 Nxe5 8.
Bxe5 d4 $5 $146 ({auf} 8... O-O {wurden 3 Züge gespielt: 9.c4 d4 10. b4!, 9.d4
und 9.Sc3. Mit dem Textzug schafft es Schwarz, alle 3 weiße Ideen auf einmal
zu verhindern.}) 9. b4 $1 {oder doch nicht} cxb4 10. a3 b3 (10... bxa3 11. Nxa3
{gibt Weiß ausgezeichnete Kompensation a la Wolgagambit.}) 11. c4 $1 (11. cxb3
O-O {verspricht Weiß gar nichts}) 11... Qb6 12. d3 O-O 13. Nd2 b2 14. Rb1 Bg4
15. Nb3 (15. Qc2 $1 Bxe2 $2 16. Rfe1 Bg4 17. Rxb2 $18) 15... Qe6 {nun ist Weiß
gezwungen, das Läuferpaar abzugeben} 16. Bxf6 Qxf6 17. Rxb2 Rab8 18. Na5 $1 b6
19. Nc6 Ra8 {ich war immer noch zu sehr im Wolga-Modus, sonst wäre mir das
durchaus naheliegende} 20. a4 (20. Nb4 Rad8 21. Qa4 Rd7 22. Nc6 {aufgefallen.
Weiß gewinnt einfach den Bauern a7}) 20... Bd7 21. Nb4 Rac8 22. Na6 $1 {
Springer am Rand bringt Dr. Tarrasch Kummer und Schand'! :) a6 ist im
vorliegenden Fall ein in ausgezeichnetes Feld für den Springer, der von hier
aus den schwarzen Damenflügel dominiert.} Qe5 23. Bb7 $2 {Diesen Zug sollte
ich erst machen, wenn Schwarz den Na6 auch tatsächlich mit Qa5 angreift} (23.
Qb3 h5 24. Ra1 $14) 23... Rcd8 24. Qb3 h5 25. Ra1 h4 26. a5 hxg3 27. hxg3 bxa5
{die Ungenauigkeit 23.Bb7 hätte Ferenc mit} (27... Bh6 $1 28. Bg2 Be3 29. fxe3
Qxe3+ 30. Kf1 Qxg3 31. Qd1 Qf4+ 32. Bf3 Qg3 $11 {ausnutzen können.}) 28. c5 {
zu gradelinig. Weiß steht strategisch auf Gewinn, wenn es ihm gelingt, den
eigenen Monarchen abzusichern. Dies war z.B. mit} (28. Qa3 a4 29. Qc5 {zu
bewerkstelligen.}) 28... Be6 29. Qb5 f5 $2 {sehr verlockend, und dennoch
falsch.} (29... Bh6 30. Bg2 Be3 $1 {führte wieder zum Unentschieden.}) 30. Bf3
$1 {bereitet c5-c6 vor und zementiert gleichzeitig den Königsflügel} (30. c6 $2
Rd5) 30... f4 31. g4 $1 Bf6 (31... Qg5 {erscheint deutlich zäher} 32. c6 $1 Be5
(32... Rf5 33. c7 $1 Rdf8 34. Qc6 Bc8 35. Rb8 $18) 33. Nc5 Bxg4 34. Ne4 Qh5 35.
Rxa5 Bxf3 36. exf3 Rf5 37. c7 Bxc7 38. Qc4+ Kg7 (38... Kh8 39. Qxc7 Rg8 40.
Qxe7 Rxa5 41. Qf6+ Rg7 42. Kg2 $3 Kh7 43. Rb1 $18) 39. Rxf5 gxf5 40. Qxc7 Rg8
41. Qxe7+ Kh8+ 42. Kf1 fxe4 43. dxe4 $16) 32. c6 $18 Rd5 33. Bxd5 Bxd5 34. Rxa5
e6 35. Nb4 Rb8 36. Nxd5 Rxb5 37. Nxf6+ Qxf6 38. Raxb5 Qh4 39. c7 Qxg4+ 40. Kf1
1-0

[Event "FRA-chT Top 12"]
[Site "Drancy"]
[Date "2016.06.04"]
[Round "8.3"]
[White "Tkachiev, Vladislav"]
[Black "Flear, Glenn C"]
[Result "1-0"]
[WhiteElo "2660"]
[BlackElo "2452"]
[Annotator "RR"]
[PlyCount "43"]
[EventDate "2016.05.28"]
[EventType "team-tourn"]
[EventRounds "11"]
[EventCountry "FRA"]
[SourceTitle "CBM 172 Extra"]
[Source "ChessBase"]
[SourceDate "2016.06.21"]
[SourceVersion "1"]
[SourceVersionDate "2016.06.21"]
[SourceQuality "1"]
[WhiteTeam "Clichy Echecs"]
[BlackTeam "Montpellier"]
[WhiteTeamCountry "FRA"]
[BlackTeamCountry "FRA"]
[TimeControl "40/5400+30:1800+30"]

1. Nf3 {[%emt 0:01:20][%mdl 512] Prix de beauté de la ronde 8} d5 {[%emt 0:00:
00]} 2. g3 {[%emt 0:00:15]} e6 {[%emt 0:00:18]} 3. Bg2 {[%emt 0:00:37]} Nf6 {
[%emt 0:00:09]} 4. O-O {[%emt 0:00:26]} b5 {[%emt 0:01:19]} (4... c5) 5. d3 {
[%emt 0:03:32]} Bb7 {[%emt 0:00:55]} 6. c4 {[%emt 0:08:12]} dxc4 {[%emt 0:14:
04]} (6... a6 7. cxd5 Nxd5 8. Bg5 Be7 9. Bxe7 Qxe7 10. Nbd2 Nd7 11. Nb3 Rc8 12.
a4 c6 13. Qd2 O-O 14. Rfc1 h6 15. d4 Rfd8 16. Qc2 Nb4 17. Qe4 Nb6 18. Nc5 Nxa4
19. Nxa4 c5 20. Qh4 Qxh4 21. Nxh4 Bxg2 22. Kxg2 bxa4 23. dxc5 Rd2 24. Rxa4 Rxb2
25. Nf3 a5 26. Kf1 Nc6 27. Nd4 Nxd4 28. Rxd4 Rc6 29. Rd6 Rxd6 30. cxd6 Rd2 31.
Rc8+ Kh7 32. Ra8 Rd1+ 33. Kg2 Rxd6 34. Rxa5 g6 35. e3 Kg7 36. h4 {Matlakov,M 
(2690)-Landa,K (2639) Loo 2014 1/2-1/2}) 7. dxc4 {[%emt 0:02:26]} Qxd1 {
[%emt 0:00:25]} 8. Rxd1 {[%emt 0:00:10]} b4 {[%emt 0:00:19]} 9. Bf4 {[%emt 0:
07:16]} Na6 {[%emt 0:07:58]} 10. a3 {[%emt 0:04:26]} c5 $146 {[%emt 0:29:09]} (
10... h6 11. axb4 Bxb4 12. Nd4 O-O-O 13. Nc3 Bxg2 14. Kxg2 Kb7 15. Ncb5 c6 16.
Nxa7 Rxd4 17. Rxd4 Kxa7 18. c5 Nd5 19. Bd6 f5 20. e4 fxe4 21. Rxe4 Kb7 22. Rc1
Re8 23. Rg4 g5 24. h4 Nf6 25. Rgc4 e5 26. hxg5 hxg5 27. Ra1 Nd5 28. Rh1 e4 29.
Rh7+ Kc8 30. Ra7 e3 31. Ra8+ Kd7 32. Rxa6 Re6 33. Ra7+ Kc8 34. Rxb4 Nxb4 35.
fxe3 Rxe3 36. Rg7 Re2+ 37. Kf3 Rxb2 38. Rxg5 Kd7 39. Rg7+ Ke6 40. Re7+ {
Guramishvili,S (2421)-Cosma,E (2329) Belgrade 2013 1-0 (72)}) 11. Ne5 {[%emt 0:
07:21]} Bxg2 {[%emt 0:01:16]} 12. Kxg2 {[%emt 0:00:58]} Ne4 {[%emt 0:08:24]}
13. axb4 {[%emt 0:08:42]} Nxb4 {[%emt 0:00:28]} 14. Nc3 {[%emt 0:00:21]} Nd6 {
[%emt 0:04:22]} (14... Nxc3 $2 15. bxc3 Nc2 16. Ra2) 15. Nb5 {[%emt 0:06:36]}
Nxb5 {[%emt 0:05:01]} 16. cxb5 {[%emt 0:01:19]} f6 17. Nd7 {[%emt 0:16:57]} Rd8
{[%emt 0:13:48]} 18. Rxa7 {[%emt 0:04:43]} Nd5 {[%emt 0:01:00]} 19. Rxd5 $1 {
[%emt 0:06:07]} exd5 {[%emt 0:00:07]} 20. Nxf8 {[%emt 0:00:03]} Rxf8 {[%emt 0:
00:48]} 21. b6 $44 {[%emt 0:00:07][%csl Re8]} Rd7 {[%emt 0:05:01]} 22. b7 {
[%emt 0:03:37] 1-0 et non pas nulle comme l'a enregistré le plateau DGT} 1-0

[Event "Sautron op 13th"]
[Site "Sautron"]
[Date "2013.11.01"]
[Round "8"]
[White "Drasko, Milan"]
[Black "Le Roux, Jean Pierre"]
[Result "0-1"]
[WhiteElo "2451"]
[BlackElo "2571"]
[Annotator "RR"]
[PlyCount "82"]
[EventDate "2013.10.26"]
[EventType "swiss"]
[EventRounds "9"]
[EventCountry "FRA"]
[SourceTitle "EXT 2016"]
[Source "ChessBase"]
[SourceDate "2015.10.08"]
[SourceVersion "1"]
[SourceVersionDate "2015.10.08"]
[SourceQuality "1"]
[TimeControl "40/5400+30:1800+30"]
[WhiteClock "1:30:00"]
[BlackClock "1:30:00"]

1. Nf3 {[%emt 0:00:00]} Nf6 {[%emt 0:00:48]} 2. g3 {[%emt 0:00:00]} b5 $5 {
[%emt 0:01:28][%csl Gc4] Il est inéressant de voir le choix du breton car il
joue également ce système avec les Blancs} 3. Bg2 {[%emt 0:00:53]} (3. a4)
3... Bb7 {[%emt 0:00:05]} 4. b3 {[%emt 0:00:46]} d6 {[%emt 0:02:44]} (4... e6 {
Semble un peu plus dans l'esprit de la position.} 5. O-O Be7 (5... c5)) 5. c4 {
[%emt 0:04:36]} b4 $146 {[%emt 0:00:43]} (5... bxc4 6. bxc4 Nbd7 7. O-O g6 8.
Nc3 Bg7 9. Rb1 Rb8 10. Qa4 O-O 11. Qxa7 Nc5 12. Qa3 Nfd7 13. d3 Ra8 14. Qb4 Ra6
15. Be3 Qa8 16. Nb5 Rc8 17. d4 Ra4 18. Qe1 Ne4 19. Rb4 Rxa2 20. d5 Ra1 21. Rb1
Ra4 22. Nfd4 Ndc5 23. f3 Nf6 24. Bh3 Ncd7 25. Nc6 Bxc6 26. dxc6 Qxc6 27. Na7
Rxa7 28. Bxa7 Qxc4 29. Qc1 Qa6 30. Bd4 e6 31. Qd2 c5 32. Ra1 Qc6 33. Be3 d5 34.
Rfc1 d4 35. Bf2 {Drasko,M (2459)-Fedorchuk,S (2643) Cappelle la Grande 2013 0-1
}) 6. a3 $1 {[%emt 0:05:20]} a5 $1 {[%emt 0:02:31] Gardant le contrôle de la
case "c3"} 7. axb4 {[%emt 0:03:23]} axb4 {[%emt 0:00:20]} 8. Rxa8 {[%emt 0:00:
06]} Bxa8 {[%emt 0:00:07]} 9. d4 {[%emt 0:02:29][%csl Rc3]} (9. O-O e5 10. Bb2)
9... Nbd7 {[%emt 0:04:05]} 10. Bb2 {[%emt 0:09:25]} e6 {[%emt 0:08:57]} 11. O-O
{[%emt 0:04:23]} Be7 {[%emt 0:00:39]} 12. Nbd2 {[%emt 0:02:10]} O-O {[%emt 0:
10:32]} 13. Qc2 {[%emt 0:09:19][%cal Ge2e4]} c5 {[%emt 0:02:34]} 14. Ra1 {
[%emt 0:05:13]} h6 {[%emt 0:09:04]} 15. dxc5 {[%emt 0:08:43]} (15. Ne5 $5 Bxg2
16. Nxd7 Qxd7 17. Kxg2 $11) (15. e4 {[%cal Ge4e5]} cxd4 16. Nxd4) (15. Ra2 $5
cxd4 16. Bxd4 Nc5 17. Qb1 Be4 18. Qa1) 15... Nxc5 $132 {[%emt 0:04:01][%csl
Rb3]} 16. Ne1 {[%emt 0:09:31]} (16. Bh3 {[%csl Gd5][%cal Gf3e1,Ge1g2,Gg2f4]
Evite l'échange des B de cases Blanches}) 16... Bxg2 {[%emt 0:03:40]} 17. Nxg2
{[%emt 0:07:55]} Nfd7 {[%emt 0:07:06]} 18. Nf4 {[%emt 0:03:27]} Bf6 {[%emt 0:
04:15]} 19. Ra2 {[%emt 0:02:44]} Bxb2 {[%emt 0:07:20]} 20. Qxb2 {[%emt 0:00:06]
} Ne5 {[%emt 0:00:26]} 21. Qd4 {[%emt 0:06:51]} Nc6 {[%emt 0:09:24]} 22. Qe3 {
[%emt 0:00:35]} Qf6 {[%emt 0:02:08]} 23. Ne4 {[%emt 0:01:08]} Qf5 {[%emt 0:02:
17]} 24. Nd2 {[%emt 0:02:10]} (24. Nxd6 $6 Qb1+ 25. Kg2 Qxa2 26. Qxc5 Na5 27.
Qxb4 Nxb3 28. c5 Qc2 {[%csl Rc5]}) 24... Ne5 {[%emt 0:02:31]} 25. f3 {[%emt 0:
00:47]} Rd8 {[%emt 0:03:05]} 26. Kg2 {[%emt 0:03:07]} Nc6 {[%emt 0:02:29]} 27.
Ne4 {[%emt 0:03:56]} Qe5 {[%emt 0:01:49]} 28. Nd3 {[%emt 0:00:35]} Nxd3 {
[%emt 0:00:27]} 29. Qxd3 {[%emt 0:00:05]} f5 $1 {[%emt 0:02:31]} 30. Nf2 {
[%emt 0:00:10]} Qc5 {[%emt 0:01:05]} 31. Ra6 {[%emt 0:01:17]} d5 {[%emt 0:01:
08]} 32. Qd2 {[%emt 0:01:34]} Nd4 {[%emt 0:03:11]} 33. cxd5 {[%emt 0:02:58]}
Rxd5 {[%emt 0:00:30]} (33... Nxb3 34. Qa2 Qxd5 35. Nd3 {[%csl Rb4]}) 34. Qf4 {
[%emt 0:00:44]} (34. Nd3 Qc2 35. Qxc2 Nxc2 36. Kf2) 34... e5 $36 {[%emt 0:02:
22] Les Noirs commencent à avoir un petit avantage d'espace et des pièces
plus actives} 35. Ra8+ {[%emt 0:00:14]} Kh7 {[%emt 0:00:05]} 36. Qh4 {[%emt 0:
00:08]} Qc6 {[%emt 0:00:35]} 37. Rf8 {[%emt 0:01:07]} Nc2 {[%emt 0:00:54]} 38.
Ne4 $2 $138 {[%emt 0:00:29]} (38. Qe7 Ne3+ 39. Kh3 Qg6 40. Qe8 Qxe8 41. Rxe8 g5
) 38... Qg6 {[%emt 0:00:27]} 39. Nf2 {[%emt 0:00:32]} Ne3+ {[%emt 0:00:17]} 40.
Kh3 {[%emt 0:00:00]} Rd4 {[%emt 0:00:00]} 41. g4 {[%emt 0:08:38]} Qc6 {[%emt 0:
06:15]} 0-1

[Event "Sautron op 16th"]
[Site "Sautron"]
[Date "2016.10.22"]
[Round "4.1"]
[White "Ider, Borya"]
[Black "Stany, George Anthony"]
[Result "1/2-1/2"]
[WhiteElo "2463"]
[BlackElo "2471"]
[Annotator "RR"]
[PlyCount "63"]
[EventDate "2016.10.22"]
[EventType "swiss"]
[EventRounds "9"]
[EventCountry "FRA"]
[SourceTitle "EXT 2019"]
[Source "ChessBase"]
[SourceDate "2018.10.10"]
[SourceVersion "1"]
[SourceVersionDate "2018.10.10"]
[SourceQuality "1"]
[TimeControl "40/5400+30:1800+30"]
[WhiteClock "0:54:39"]
[BlackClock "0:05:14"]

1. d4 {[%emt 0:00:00]} Nf6 {[%emt 0:00:00]} 2. Nf3 {[%emt 0:00:00]} g6 {
[%emt 0:00:00]} 3. g3 {[%emt 0:00:00]} d5 {[%emt 0:00:10]} 4. Bg2 {[%emt 0:00:
00]} Bg7 {[%emt 0:00:04]} 5. O-O {[%emt 0:00:00]} O-O {[%emt 0:00:03]} 6. b3 {
[%emt 0:00:19]} c5 {[%emt 0:11:32]} 7. e3 {[%emt 0:08:35]} Nc6 {[%emt 0:08:49]}
8. Bb2 {[%emt 0:01:06]} Ne4 {[%emt 0:00:19]} 9. Nbd2 {[%emt 0:04:34]} (9. Ne5)
9... Bf5 {[%emt 0:08:07]} 10. Ne5 {[%emt 0:05:53]} (10. c3 Qa5 11. Nxe4 Bxe4
12. Re1 Rad8 13. Re2 Bxf3 14. Bxf3 Rd7 15. Rd2 Rfd8 16. Rc1 e6 {1/2-1/2 (16)
Berkes,F (2659)-Sutovsky,E (2650) Rijeka 2010}) 10... cxd4 {[%emt 0:14:15]} 11.
Nxc6 {[%emt 0:01:30]} bxc6 {[%emt 0:00:05]} 12. Nxe4 {[%emt 0:04:28]} Bxe4 {
[%emt 0:00:35]} 13. Bxe4 {[%emt 0:00:19] Les Blancs sont peu ambitieux dans
cette partie} dxe4 $11 {[%emt 0:00:11]} 14. Bxd4 {[%emt 0:00:08]} Bxd4 {
[%emt 0:00:58]} 15. Qxd4 {[%emt 0:03:09]} Qxd4 {[%emt 0:01:25]} 16. exd4 {
[%emt 0:00:04]} Rad8 $146 {[%emt 0:23:36]} (16... Rfd8 17. c3 f5 18. f3 exf3
19. Rae1 Kf7 20. Re5 Rd5 21. Rfe1 Re8 22. Kf2 e6 23. Kxf3 Kf6 24. g4 Re7 25. h4
h6 26. b4 a6 27. a4 g5 28. R1e2 gxh4 29. Kf4 fxg4 30. Kxg4 Rg7+ 31. Kxh4 Rxe5
32. Rxe5 Rg1 33. Rc5 Rc1 34. a5 e5 35. dxe5+ Kf5 36. Rxc6 Kxe5 37. Kh5 Rh1+ 38.
Kg6 Rh3 39. Rxa6 Kd5 40. Rb6 Rxc3 41. Kxh6 Rg3 42. a6 Rg1 43. b5 {1-0 (43)
Kacirek,P (2360)-Jacek,M (2188) Czechia 2007}) 17. c3 {[%emt 0:03:15]} (17.
Rfd1 Rd7 18. Kf1 Rfd8 19. c3 e5) 17... e5 {[%emt 0:10:21]} 18. dxe5 {[%emt 0:
00:35]} Rfe8 {[%emt 0:00:05]} 19. Rad1 {[%emt 0:00:17]} Rd5 $1 {[%emt 0:00:28]}
20. Rxd5 {[%emt 0:03:50]} cxd5 {[%emt 0:00:06]} 21. f4 {[%emt 0:00:03]} exf3 {
[%emt 0:06:10]} 22. Re1 {[%emt 0:00:49]} f6 {[%emt 0:02:28]} 23. e6 {[%emt 0:
00:31]} Kf8 {[%emt 0:00:08]} 24. Kf2 {[%emt 0:00:30]} Ke7 {[%emt 0:00:19]} 25.
Kxf3 {[%emt 0:00:57]} Rc8 $15 {[%emt 0:00:05]} 26. Re3 {[%emt 0:00:22]} Rc6 {
[%emt 0:00:04]} 27. a4 {[%emt 0:00:08]} Rb6 {[%emt 0:04:38]} 28. b4 {[%emt 0:
00:47]} d4 {[%emt 0:00:13]} 29. cxd4 {[%emt 0:00:04]} Rxb4 {[%emt 0:00:04]} 30.
Re4 {[%emt 0:05:15]} f5 {[%emt 0:03:13]} 31. Rh4 {[%emt 0:00:06]} Rxa4 {
[%emt 0:01:45]} (31... h5) 32. Rxh7+ {[%emt 0:03:47]} 1/2-1/2

[Event "EU-ch 12th"]
[Site "Aix les Bains"]
[Date "2011.04.02"]
[Round "11"]
[White "Jones, Gawain C B"]
[Black "Navara, David"]
[Result "1-0"]
[WhiteElo "2578"]
[BlackElo "2722"]
[Annotator "Reeh,O"]
[PlyCount "135"]
[EventDate "2011.03.22"]
[EventType "swiss"]
[EventRounds "11"]
[EventCountry "FRA"]
[SourceTitle "CBM 142 Extra"]
[Source "ChessBase"]
[SourceDate "2011.06.27"]
[SourceVersion "1"]
[SourceVersionDate "2011.06.27"]
[SourceQuality "1"]

1. e4 c5 2. Nf3 e6 3. d3 b6 4. g3 Bb7 5. Bg2 d6 6. O-O Nf6 7. Nbd2 Be7 8. Re1
O-O 9. c3 Nbd7 10. b3 {Une ligne secondaire dans cette attaque sicilienne} (10.
a3 {[%cal Gb2b4]}) (10. d4) 10... b5 11. Bb2 Qb6 12. a3 Rfc8 13. Qc2 $146 (13.
d4 {Visser,Y (2380)-Van der Werf,M (2400) NED-chT 9697 1996 (5) 0-1}) 13... Ng4
14. c4 Bf6 15. cxb5 {48} Qxb5 {79} 16. Nc4 Qa6 17. h3 Nge5 $1 18. Nfxe5 Nxe5
19. Bxe5 {(=)} Bxe5 20. Nxe5 {41} dxe5 {[%csl Rd3] 76 Les Noirs continuent de
jouer trés vite} 21. Rec1 Qd6 22. Qd2 a5 (22... Rab8 {[%csl Rb3][%cal Gb7a8]
Plus souple car si le P"a5 controle bien la case "b4", il peut aussi devenir
une faiblesse lui-même}) 23. a4 Qd4 24. Rc3 Rc7 25. Rac1 {33} Ba6 {57} 26. Bf1
Qb4 27. Qg5 f6 28. Qe3 Rac8 29. h4 Rc6 30. Qe2 {25} Qb7 {53} 31. Qe3 Qe7 32.
R3c2 Kf8 33. Qd2 Qd8 34. Qe3 Qd4 35. Qd2 Qd8 36. Qe3 Qb6 37. Rc3 h6 38. Qe2 Qa7
39. h5 R8c7 40. Qg4 {49} Qb8 {75 Les Noirs ont joué en blitz toute la partie!}
41. Qe2 Ke7 42. Qe3 Qb4 43. Be2 Kd6 44. Qd2 Rb7 45. Qc2 {44} Qd4 $4 {71} ({
After e.g. Nach z.B.} 45... Rbc7 {there was nothing on. war gar nichts los.}) {
[%tqu "En","White to play and win.","How can White win the queen?","","c3c4",
"Amazing - White forces the opening of the d-file, followed by 47.Rd1 and the
black queen falls.",10,"De","Weiß zieht und gewinnt.","Wie kann Weiß die Dame
erobern?","","c3c4","Überraschend - Weiß erzwingt die Öffnung der d-Linie,
gefolgt von 47.Rd1 und die schwarze Dame fällt.",10]} 46. Rc4 $1 {Amazing -
White forces the opening of the d-file. Überraschend - Weiß erzwingt die
Öffnung der d-Linie.} Bxc4 47. dxc4 {and Black has no defence against 48.Rd1
winning the queen. und Schwarz hat keine Verteidigung gegen 48.Rd1 mit
Damengewinn.} Rcb6 48. Rd1 Rxb3 49. Rxd4+ exd4 50. e5+ {44} Kxe5 {71 Joué а
tempo!} 51. Bf3 d3 52. Qd2 Kd4 53. Qf4+ Kc3 54. Qc1+ Kd4 55. Qf4+ Kc3 56. Qc1+
Kd4 57. Qa1+ Kxc4 58. Qc1+ Kd4 59. Qf4+ Kc3 60. Qc1+ Kd4 61. Qe3+ Kc3 62. Qxc5+
Kd2 63. Bxb7 Rxb7 64. Qxa5+ Ke2 65. Qa6 Rb1+ 66. Kg2 e5 67. Qc4 Ra1 68. g4 1-0